[Event "Bundesliga 1516"]
[Site "Germany"]
[Date "2016.02.07"]
[Round "6.7"]
[White "Markgraf, Alexander"]
[Black "Koehler, Ronald"]
[Result "1-0"]
[WhiteElo "2488"]
[BlackElo "2267"]
[PlyCount "151"]
[EventDate "2015.09.18"]
[EventType "team-tourn"]
[EventRounds "15"]
[EventCountry "GER"]
[SourceTitle "CBM 171"]
[Source "ChessBase"]
[SourceDate "2016.03.14"]
[SourceVersion "2"]
[SourceVersionDate "2016.03.14"]
[SourceQuality "1"]
[WhiteTeam "Werder Bremen"]
[BlackTeam "Griesheim"]
[WhiteTeamCountry "GER"]
[BlackTeamCountry "GER"]

1. e4 c5 2. Nf3 Nc6 3. d4 cxd4 4. Nxd4 Nf6 5. Nc3 e5 6. Ndb5 d6 7. Bg5 a6 8. Na3 b5 9. Bxf6 gxf6 10. Nd5 Bg7 11. Bd3 Ne7 12. Nxe7 Qxe7 13. 0-0 0-0 14. c4 f5 15. Qh5 Rb8 16. exf5 e4 17. Rae1 Bb7 18. Qg4 Rfe8 19. cxb5 d5 20. bxa6 Bc6 21. Be2 Kh8 22. Rc1 Bd7 23. Rc7 Be5 24. Ra7 Qd6 25. Qh5 Rg8 26. Rd1 Be8 27. Rb7 Rxb7 28. axb7 f6 29. Qh3 Qc6 30. Qb3 Bb8 31. Qxd5 Qc7 32. g3 e3 33. Qd4 exf2+ 34. Kxf2 Qe7 35. Bf3 Be5 36. Qa7 Qc7 37. b8Q Qxb8 38. Qxb8 Bxb8 39. Rd8 Ba7+ 40. Kg2 Bb6 41. Rb8 Bd4 42. Nc4 Bf7 43. Rxg8+ Kxg8 44. b3 Bxc4 45. bxc4 Kf7 46. Bd5+ Ke7 47. Kf3 Bb6 48. Kg4 Kf8 49. a4 h6 50. Be6 Bg1 51. h3 Bb6 52. Bc8 Kf7 53. Bb7 Kf8 54. Ba8 Kf7 55. Bd5+ Kf8 56. Be6 Ba5 57. c5 Bb4 58. c6 Ba5 59. Bd7 Bb6 60. Kh5 Kg7 61. h4 Bc7 62. g4 Bd8 63. Be6 Bc7 64. g5 hxg5 65. hxg5 fxg5 66. Kxg5 Bd8+ 67. Kf4 Kf6 68. Ke4 Ke7 69. Kd5 Bb6 70. Bd7 Bc7 71. Kc5 Bd8 72. Kb5 Kd6 73. a5 Kc7 74. a6 Kb8 75. f6 Bxf6 76. a7+ 1-0

[Event "Bundesliga 1415"]
[Site "Germany"]
[Date "2015.04.12"]
[Round "15.7"]
[White "Markgraf, Alexander"]
[Black "Hoffmann, Paul"]
[Result "1/2-1/2"]
[WhiteElo "2486"]
[BlackElo "2355"]
[PlyCount "51"]
[EventDate "2014.10.18"]
[EventType "team-tourn"]
[EventRounds "15"]
[EventCountry "GER"]
[SourceTitle "CBM 166"]
[Source "ChessBase"]
[SourceDate "2015.05.11"]
[SourceVersion "1"]
[SourceVersionDate "2015.05.11"]
[SourceQuality "1"]
[WhiteTeam "Werder Bremen"]
[BlackTeam "Dresden TU"]
[WhiteTeamCountry "GER"]
[BlackTeamCountry "GER"]

1. e4 c5 2. Nf3 d6 3. d4 cxd4 4. Nxd4 Nf6 5. Nc3 Nc6 6. Bg5 Qb6 7. Bxf6 gxf6 8. Nb3 e6 9. Qd2 a6 10. 0-0-0 Bd7 11. f4 0-0-0 12. Be2 h5 13. Rhf1 Be7 14. Rf3 Rdg8 15. Bf1 Kb8 16. Rd3 Bc8 17. Kb1 h4 18. a3 Rg4 19. Na4 Qc7 20. Qe3 b5 21. Nb6 Qa7 22. Rc3 Bb7 23. Nd7+ Ka8 24. Nb6+ Kb8 25. Nd7+ Ka8 26. Nb6+ 1/2-1/2

[Event "Bundesliga 1415"]
[Site "Germany"]
[Date "2015.04.11"]
[Round "14.7"]
[White "Abel, Dennes"]
[Black "Markgraf, Alexander"]
[Result "1-0"]
[WhiteElo "2446"]
[BlackElo "2486"]
[PlyCount "131"]
[EventDate "2014.10.18"]
[EventType "team-tourn"]
[EventRounds "15"]
[EventCountry "GER"]
[SourceTitle "CBM 166"]
[Source "ChessBase"]
[SourceDate "2015.05.11"]
[SourceVersion "1"]
[SourceVersionDate "2015.05.11"]
[SourceQuality "1"]
[WhiteTeam "Berlin SF"]
[BlackTeam "Werder Bremen"]
[WhiteTeamCountry "GER"]
[BlackTeamCountry "GER"]

1. d4 f5 2. Nf3 Nf6 3. g3 g6 4. Bg2 Bg7 5. 0-0 0-0 6. b3 d6 7. Bb2 Qe8 8. c4 c6 9. Nbd2 Na6 10. Qc2 Ng4 11. Bc3 e5 12. dxe5 Nxe5 13. Rad1 Qe7 14. b4 Be6 15. Nxe5 dxe5 16. b5 cxb5 17. cxb5 Nc5 18. Bb4 Rac8 19. Nb3 Bxb3 20. Qxb3+ Kh8 21. Qa3 b6 22. Bc6 Rfd8 23. Rc1 Bf8 24. Bxc5 bxc5 25. Rfd1 h5 26. Qb3 Kg7 27. a4 Qc7 28. Qc3 Kh7 29. Bd5 Bg7 30. e4 Bh6 31. Rb1 f4 32. a5 Rb8 33. Rb2 Bg7 34. Rb3 Rd6 35. Rdb1 Rf6 36. Ra3 Rbf8 37. Rb2 Bh6 38. Rab3 Qc8 39. b6 Qh3 40. bxa7 h4 41. a8Q Rxa8 42. Bxa8 f3 43. Qxf3 Rxf3 44. Rxf3 Qg4 45. Rf7+ Bg7 46. Rbb7 Kh6 47. f3 Qg5 48. Rxg7 Qe3+ 49. Kg2 Qe2+ 50. Kh3 Kg5 51. gxh4+ Kf4 52. Rbf7+ Ke3 53. Rxg6 c4 54. Rg2 Qf1 55. Bd5 c3 56. Bb3 Qa6 57. Rf5 Qxa5 58. Bc2 Qc7 59. h5 Qd6 60. Rg6 Qd2 61. h6 Qxc2 62. h7 Qd1 63. h8Q c2 64. Qh6+ Ke2 65. Rg2+ Kf1 66. Qe3 1-0

[Event "Bundesliga 1415"]
[Site "Germany"]
[Date "2015.02.22"]
[Round "11.2"]
[White "Zeller, Frank"]
[Black "Markgraf, Alexander"]
[Result "1/2-1/2"]
[WhiteElo "2445"]
[BlackElo "2486"]
[PlyCount "75"]
[EventDate "2014.10.18"]
[EventType "team-tourn"]
[EventRounds "15"]
[EventCountry "GER"]
[SourceTitle "CBM 165"]
[Source "ChessBase"]
[SourceDate "2015.03.11"]
[SourceVersion "1"]
[SourceVersionDate "2015.03.11"]
[SourceQuality "1"]
[WhiteTeam "Schwaebisch Hall"]
[BlackTeam "Werder Bremen"]
[WhiteTeamCountry "GER"]
[BlackTeamCountry "GER"]

1. d4 f5 2. c4 Nf6 3. Nc3 d6 4. h4 e6 5. h5 Be7 6. h6 g6 7. Nh3 0-0 8. Bg5 Nc6 9. e3 e5 10. Be2 a6 11. dxe5 dxe5 12. Qxd8 Nxd8 13. Bxf6 Bxf6 14. Nd5 c6 15. Nxf6+ Rxf6 16. 0-0-0 Nf7 17. f4 Be6 18. Rd2 Re8 19. Ng5 Nxg5 20. fxg5 Rff8 21. Rhd1 Kf7 22. Kc2 Ke7 23. Kc3 f4 24. e4 Rd8 25. Kb4 Rxd2 26. Rxd2 b6 27. c5 a5+ 28. Ka4 bxc5 29. Kxa5 Rb8 30. b3 Rb4 31. Bf3 Rb5+ 32. Ka4 Rb8 33. Ka3 c4 34. bxc4 Bxc4 35. Rc2 Bb5 36. Rd2 Bc4 37. Rc2 Bb5 38. Rd2 1/2-1/2

[Event "Bundesliga 1415"]
[Site "Germany"]
[Date "2015.02.21"]
[Round "10.1"]
[White "Markgraf, Alexander"]
[Black "Zajogin, Alexander"]
[Result "1-0"]
[WhiteElo "2486"]
[BlackElo "2393"]
[PlyCount "59"]
[EventDate "2014.10.18"]
[EventType "team-tourn"]
[EventRounds "15"]
[EventCountry "GER"]
[SourceTitle "CBM 165"]
[Source "ChessBase"]
[SourceDate "2015.03.11"]
[SourceVersion "1"]
[SourceVersionDate "2015.03.11"]
[SourceQuality "1"]
[WhiteTeam "Werder Bremen"]
[BlackTeam "Bayern Muenchen"]
[WhiteTeamCountry "GER"]
[BlackTeamCountry "GER"]

1. e4 e5 2. Nf3 Nc6 3. Bb5 a6 4. Ba4 Nf6 5. 0-0 Be7 6. Re1 b5 7. Bb3 0-0 8. c3 d6 9. h3 Na5 10. Bc2 c5 11. d4 Qc7 12. Nbd2 Rd8 13. b3 cxd4 14. cxd4 Bb7 15. Bb2 Nc6 16. Rc1 Qb6 17. Nf1 d5 18. exd5 Rxd5 19. Ne3 Rdd8 20. d5 Bb4 21. Rf1 Ne7 22. Bxe5 Nexd5 23. Bd4 Qe6 24. Ng5 Qd7 25. Bf5 Qe7 26. Nxh7 Nxh7 27. Bxh7+ Kxh7 28. Qh5+ Kg8 29. Bxg7 Nxe3 30. Qh8# 1-0

[Event "Bundesliga 1415"]
[Site "Germany"]
[Date "2015.02.01"]
[Round "9.5"]
[White "Schlosser, Philipp"]
[Black "Markgraf, Alexander"]
[Result "1/2-1/2"]
[WhiteElo "2570"]
[BlackElo "2486"]
[PlyCount "43"]
[EventDate "2014.10.18"]
[EventType "team-tourn"]
[EventRounds "15"]
[EventCountry "GER"]
[SourceTitle "CBM 165"]
[Source "ChessBase"]
[SourceDate "2015.03.11"]
[SourceVersion "1"]
[SourceVersionDate "2015.03.11"]
[SourceQuality "1"]
[WhiteTeam "Baden-Baden"]
[BlackTeam "Werder Bremen"]
[WhiteTeamCountry "GER"]
[BlackTeamCountry "GER"]

1. c4 f5 2. g3 Nf6 3. Bg2 g6 4. Nc3 Bg7 5. d4 d6 6. d5 0-0 7. Nh3 Na6 8. 0-0 Nc5 9. Be3 e5 10. dxe6 Nxe6 11. Nf4 c6 12. Qd2 Ng4 13. Nxe6 Bxe6 14. Bg5 Qa5 15. Qxd6 Bxc4 16. Qf4 Bf7 17. h3 Nf6 18. Rad1 Rfe8 19. g4 Qe5 20. Qxe5 Rxe5 21. gxf5 gxf5 22. b3 1/2-1/2

[Event "Bundesliga 1415"]
[Site "Germany"]
[Date "2015.01.30"]
[Round "7.8"]
[White "Zumsande, Martin"]
[Black "Markgraf, Alexander"]
[Result "0-1"]
[WhiteElo "2432"]
[BlackElo "2486"]
[PlyCount "140"]
[EventDate "2014.10.18"]
[EventType "team-tourn"]
[EventRounds "15"]
[EventCountry "GER"]
[SourceTitle "CBM 165"]
[Source "ChessBase"]
[SourceDate "2015.03.11"]
[SourceVersion "1"]
[SourceVersionDate "2015.03.11"]
[SourceQuality "1"]
[WhiteTeam "Emsdetten Turm"]
[BlackTeam "Werder Bremen"]
[WhiteTeamCountry "GER"]
[BlackTeamCountry "GER"]

1. e4 c5 2. c3 Nf6 3. e5 Nd5 4. Nf3 e6 5. d4 cxd4 6. cxd4 d6 7. Bc4 Nc6 8. 0-0 Be7 9. Qe2 0-0 10. Rd1 Na5 11. Bd3 Nb4 12. exd6 Qxd6 13. Nc3 b6 14. Ng5 Nxd3 15. Qxd3 Bxg5 16. Ne4 Qd5 17. Nxg5 Qf5 18. Qxf5 exf5 19. d5 Bb7 20. b3 Rad8 21. Ba3 Rfe8 22. d6 Nc6 23. Nf3 Re4 24. h3 f6 25. Rac1 Kf7 26. d7 Re2 27. Nd2 Rxd7 28. Nc4 Rxd1+ 29. Rxd1 Ba6 30. Rd7+ Ke8 31. Rxg7 Bxc4 32. bxc4 Rxa2 33. Bd6 Rd2 34. c5 bxc5 35. Bxc5 Rd7 36. Rg8+ Kf7 37. Rc8 Ne5 38. Ra8 Nc6 39. Rc8 Ne7 40. Ra8 Rc7 41. Be3 Nc6 42. Kh2 Ke6 43. h4 Rb7 44. h5 a5 45. h6 Rb8 46. Ra6 Kd5 47. Kg3 Rb4 48. f3 a4 49. Bc1 Rc4 50. Ba3 Ke6 51. Ra8 f4+ 52. Kh3 Kf5 53. Rh8 Kg6 54. Rg8+ Kxh6 55. Kh4 Nb4 56. Kg4 Rd4 57. Bc1 Nd3 58. Ba3 Ne5+ 59. Kf5 Ng6 60. Kxf6 Rd3 61. Bc5 Rc3 62. Bb4 Rc6+ 63. Kf7 Ne5+ 64. Ke7 Rg6 65. Ra8 Nc6+ 66. Kf7 Nxb4 67. Rxa4 Nd5 68. Rd4 Rf6+ 69. Ke8 Ne3 70. Ke7 Nf5+ 0-1

[Event "BL2-Nord 1314"]
[Site "Germany"]
[Date "2014.02.09"]
[Round "6.1"]
[White "Markgraf, Alexander"]
[Black "Figura, Atila Gajo"]
[Result "1/2-1/2"]
[WhiteElo "2483"]
[BlackElo "2369"]
[PlyCount "30"]
[EventDate "2013.10.13"]
[EventType "team-tourn"]
[EventRounds "9"]
[EventCountry "GER"]
[SourceTitle "EXT 2015"]
[Source "ChessBase"]
[SourceDate "2014.11.20"]
[SourceVersion "1"]
[SourceVersionDate "2014.11.20"]
[SourceQuality "1"]
[WhiteTeam "Werder Bremen II"]
[BlackTeam "Kreuzberg"]
[WhiteTeamCountry "GER"]
[BlackTeamCountry "GER"]

1. e4 c5 2. Nf3 d6 3. d4 cxd4 4. Nxd4 Nf6 5. Nc3 a6 6. Be3 e5 7. Nb3 Be7 8. f3 Be6 9. Qd2 Nbd7 10. g4 0-0 11. 0-0-0 b5 12. Rg1 Nb6 13. Na5 Qc7 14. g5 Nh5 15. Nd5 Nxd5 1/2-1/2

[Event "BL2-Nord 1314"]
[Site "Germany"]
[Date "2014.01.19"]
[Round "5.1"]
[White "Schmidt, Harald"]
[Black "Markgraf, Alexander"]
[Result "0-1"]
[WhiteElo "2375"]
[BlackElo "2483"]
[PlyCount "72"]
[EventDate "2013.10.13"]
[EventType "team-tourn"]
[EventRounds "9"]
[EventCountry "GER"]
[SourceTitle "EXT 2015"]
[Source "ChessBase"]
[SourceDate "2014.11.20"]
[SourceVersion "1"]
[SourceVersionDate "2014.11.20"]
[SourceQuality "1"]
[WhiteTeam "Luebeck"]
[BlackTeam "Werder Bremen II"]
[WhiteTeamCountry "GER"]
[BlackTeamCountry "GER"]

1. c4 f5 2. Qc2 d6 3. b4 Nf6 4. Bb2 e5 5. g3 g6 6. Bg2 Bg7 7. e3 e4 8. d3 Nc6 9. a3 a5 10. dxe4 axb4 11. Nf3 fxe4 12. Ng5 bxa3 13. 0-0 Bf5 14. Rxa3 Rxa3 15. Bxa3 0-0 16. Nxe4 Nxe4 17. Bxe4 Bxe4 18. Qxe4 Qe8 19. Qxe8 Rxe8 20. c5 dxc5 21. Bxc5 Rd8 22. e4 Rd3 23. Kg2 Kf7 24. Rc1 Ke6 25. Be3 Kd7 26. Kf1 Bb2 27. Re1 Nd4 28. Bxd4 Rxd4 29. f3 c5 30. Ke2 b5 31. Ke3 c4 32. e5 Ke6 33. f4 Rd8 34. Nd2 c3 35. Nb3 c2 36. g4 Rd1 0-1

[Event "Bundesliga 1314"]
[Site "Germany"]
[Date "2013.10.13"]
[Round "2.7"]
[White "Markgraf, Alexander"]
[Black "Cioara, Andrei Nestor"]
[Result "1-0"]
[WhiteElo "2483"]
[BlackElo "2455"]
[PlyCount "93"]
[EventDate "2013.10.12"]
[EventType "team-tourn"]
[EventRounds "15"]
[EventCountry "GER"]
[SourceTitle "CBM 157"]
[Source "ChessBase"]
[SourceDate "2013.11.12"]
[SourceVersion "1"]
[SourceVersionDate "2013.11.12"]
[SourceQuality "1"]
[WhiteTeam "Werder Bremen"]
[BlackTeam "Trier"]
[WhiteTeamCountry "GER"]
[BlackTeamCountry "GER"]

1. e4 d5 2. exd5 Nf6 3. Nf3 Qxd5 4. Nc3 Qa5 5. d4 Bf5 6. Bd2 Nbd7 7. Bc4 c6 8. Qe2 Qb6 9. 0-0-0 e6 10. Be3 Nd5 11. Bxd5 cxd5 12. Nh4 Bg6 13. Nxg6 hxg6 14. Nxd5 exd5 15. Bg5+ Qe6 16. Qd2 Nf6 17. Rhe1 Ne4 18. Qa5 b6 19. Qa6 Bd6 20. f3 0-0 21. fxe4 dxe4 22. g3 Qd5 23. Be3 Rac8 24. Kb1 b5 25. Bf4 Rc6 26. Qa5 Bxf4 27. gxf4 a6 28. Qa3 Re8 29. Qg3 Rc4 30. Qg5 Qf5 31. d5 e3 32. Qxf5 gxf5 33. d6 Rxf4 34. c4 Rxc4 35. Rxe3 Rce4 36. Ra3 Ra4 37. Rxa4 bxa4 38. Kc2 g6 39. Kc3 Kg7 40. d7 Rd8 41. Kc4 Kf6 42. Kc5 f4 43. Kd6 g5 44. h3 Rh8 45. Re1 Kf5 46. Re8 Rxh3 47. Re5+ 1-0